| 000 | 00381 a2200169 4500 | ||
|---|---|---|---|
| 001 | 191977 | ||
| 020 | _a978-85-88642-37-9 | ||
| 040 | _cMagnum | ||
| 100 | _aMendi, Li | ||
| 240 | 1 | 0 |
_aO amor está no quarto ao lado _lpor |
| 245 | 1 | 0 | _aO amor está no quarto ao lado |
| 300 | _a192 | ||
| 362 | 0 | _a2011 | |
| 440 | 1 | _aOutras Letras | |
| 697 | _aLITERATURA GERAL | ||
| 942 | _cBK | ||
| 999 |
_c191977 _d191977 |
||